LEADER 01679nam0 22003613i 450 001 VAN00292355 005 20250506111342.239 017 70$2N$a9789819989942 100 $a20250506d2024 |0itac50 ba 101 $aeng 102 $aSG 105 $a|||| ||||| 181 $ai$b e 182 $ab 183 $acr 200 1 $aPhotochemical and Electrochemical Activation Strategies of C(sp3)-Based Building Blocks for Organic Synthesis$fSu Yong Go 210 $aSingapore$cSpringer$d2024 215 $aXXVII, 169 p.$cill.$d24 cm 410 1$1001VAN00104193$12001 $aSpringer theses$erecognizing outstanding Ph.D. research$1210 $aBerlin$cSpringer$d2010- 620 $aSG$dSingapore$3VANL000061 676 $a547$cChimica organica$v22 676 $a546$cChimica inorganica$v22 676 $a541.37$cElettrochimica e magnetochimica$v22 700 1$aGo$bSu Yong$3VANV248025$01735361 712 $aSpringer $3VANV108073$4650 801 $aIT$bSOL$c20250509$gRICA 856 4 $uhttps://link.springer.com/book/10.1007/978-981-99-8994-2$zE-book ? Accesso al full-text attraverso riconoscimento IP di Ateneo, proxy e/o Shibboleth 899 $aBIBLIOTECA DEL DIPARTIMENTO DI SCIENZE E TECNOLOGIE AMBIENTALI BIOLOGICHE E FARMACEUTICHE$1IT-CE0101$2VAN17 912 $fN 912 $aVAN00292355 950 $aBIBLIOTECA DEL DIPARTIMENTO DI SCIENZE E TECNOLOGIE AMBIENTALI BIOLOGICHE E FARMACEUTICHE$d17CONS e-book 2394 $e17BIB2394/123 123 20250506 996 $aPhotochemical and Electrochemical Activation Strategies of C(sp3)-Based Building Blocks for Organic Synthesis$94154557 997 $aUNICAMPANIA LEADER 01777nam2 2200385 i 450 001 VAN00018964 005 20250224090135.748 010 $a08-7969-309-6 100 $a20040706d1989 |0itac50 ba 101 $aeng 102 $aUS 105 $a|||| ||||| 181 $ai$b e 182 $an 183 $anc 200 0 $a2$fJoseph Sambrook, Edward F. Fritsch, Thomas Maniatis 205 $a2. ed 210 $aCold Spring Harbor$cCold Spring Harbor laboratory$d1989 215 $a658 p.$d28 cm 461 1$1001VAN00018960$12001 $aMolecular cloning$ea laboratory manual$fJoseph Sambrook, Edward F. Fritsch, Thomas Maniatis$1205 $a2. ed$1210 $aCold Spring Harbor$cCold Spring Harbor laboratory$d1989$1215 $a3 volumi$cill.$d28 cm$v2 620 $dCold Spring Harbor$3VANL000164 676 $a572.8$cBiologia molecolare. Genetica molecolare. Genetica fisiologica. Acidi nucleici. Proteomica$v22 700 1$aSambrook$bJoseph$3VANV015066$0101360 701 1$aFritsch$bEdward F.$3VANV015067$0300158 701 1$aManiatis$bThomas$3VANV015068$0300159 712 $aCold Spring Harbor Laboratory $3VANV108197$4650 790 1$aFritsch, Edward Francis$zFritsch, Edward F.$3VANV242066 790 1$aFritsch, E.F.$zFritsch, Edward F.$3VANV062217 790 1$aFritsch, E. F.$zFritsch, Edward F.$3VANV062218 801 $aIT$bSOL$c20260206$gRICA 899 $aBIBLIOTECA DEL DIPARTIMENTO DI SCIENZE E TECNOLOGIE AMBIENTALI BIOLOGICHE E FARMACEUTICHE$1IT-CE0101$2VAN17 912 $aVAN00018964 950 $aBIBLIOTECA DEL DIPARTIMENTO DI SCIENZE E TECNOLOGIE AMBIENTALI BIOLOGICHE E FARMACEUTICHE$d17CONS Kb1/2 $e17FSA929/2 20040706 996 $a2$94147402 997 $aUNICAMPANIA